Villes d'Australie - Statistiques

Statistiques générales
  • Ce quiz a été pris 35 fois
  • Le résultat moyen est 6 sur 10
Statistiques - réponses
Hint Réponse % Correct
4 Perth
100%
1 Sydney
100%
7 Canberra
94%
2 Melbourne
91%
5 Adélaïde
88%
3 Brisbane
70%
6 Gold Coast
33%
8 Newcastle
18%
9 Wollongong
15%
10 Geelong
9%
Aucun quiz correspondant
Distribution des résultats
% des personnes avec chaque résultat
Percentile par nombre de réponses
Votre historique - résultats
Vous n’avez pas pris ce quiz